header

Introducing IBM Tivoli service level advisor (Record no. 211095)

MARC details
000 -LEADER
fixed length control field 01545nam a22003734a 4500
082 04 - DEWEY DECIMAL CLASSIFICATION NUMBER
Classification number 004/.068
245 00 - TITLE STATEMENT
Title Introducing IBM Tivoli service level advisor
250 ## - EDITION STATEMENT
Edition statement 1st ed.
260 ## - PUBLICATION, DISTRIBUTION, ETC. (IMPRINT)
Place of publication [San Jose, Calif.?] :
Name of publisher IBM International Technical Support Organization,
Year of publication 2002.
300 ## - PHYSICAL DESCRIPTION
Number of Pages xxii, 440 p. :
Other physical details ill.
490 1# - SERIES STATEMENT
Series statement Redbooks
500 ## - GENERAL NOTE
General note "July 2002."
General note "This edition applies to the IBM Tivoli service level advisor, version 1.1, and Tivoli enterprise data warehouse, version 1.1 products"--T.p. verso.
General note "SG24-6611-00."
650 #0 - SUBJECT ADDED ENTRY--TOPICAL TERM
Topical Term Information technology
Topical Term Service-level agreements.
700 1# - ADDED ENTRY--PERSONAL NAME
Personal name Manoel, Edson.
856 40 - ELECTRONIC LOCATION AND ACCESS
Uniform Resource Identifier http://site.ebrary.com/lib/rucke/Doc?id=10112597

No items available.

© 2026 Rongo University
Contact us: librarian | system librarian | Rongo university